00317nam a2200121 a 4500008004100000020001500041050001400056100002000070245003100090260004600121300001900167350000900186080109s0000 ||||||||||||||||| || u a023105193X aQ 175 Gra aGraham, Loren R10aBetween science and values aNew YorkbColumbia University Pressc1981 ax, 449p. : ill a0.00